000 00298nam a22001337a 4500
008 170619b xxu||||| |||| 00| 0 eng d
020 _a9780538213608
041 _aeng
080 _a32
100 _a20
101 _aSHP
245 _aCITIES, CHANGE AND CONFLICT
_cKLENIEWSKI,N
942 _2udc
_cBK
999 _c18153
_d18153